[Event "Ukhta"]
[Site "Ukhta"]
[Date "2009.04.09"]
[Round "10"]
[White "Vasilev, Peter"]
[Black "Troshina, Lyudmila"]
[Result "1-0"]
[WhiteElo "1974"]
[BlackElo "1855"]
[PlyCount "41"]
[EventDate "2009.04.02"]
[EventType "tourn"]
[EventRounds "11"]
[EventCountry "RUS"]
[SourceTitle "EXT 2012"]
[Source "ChessBase"]
[SourceDate "2011.11.24"]
[SourceVersion "1"]
[SourceVersionDate "2011.11.24"]
[SourceQuality "1"]

1. d4 Nf6 2. c4 g6 3. Nc3 Bg7 4. e4 d6 5. Nf3 0-0 6. Be2 e5 7. 0-0 Nc6 8. d5 Ne7 9. b4 Ne8 10. c5 f5 11. Ng5 f4 12. Ne6 Bxe6 13. dxe6 a6 14. Qb3 Kh8 15. Rd1 Nc6 16. Nd5 Nf6 17. Qc4 Nxd5 18. Rxd5 Nd4 19. Bb2 Rc8 20. Rd1 Qg5 21. Bxd4 1-0

[Event "Ukhta"]
[Site "Ukhta"]
[Date "2009.04.07"]
[Round "8"]
[White "Ivanov, Gleb E"]
[Black "Troshina, Lyudmila"]
[Result "1-0"]
[WhiteElo "1946"]
[BlackElo "1855"]
[PlyCount "149"]
[EventDate "2009.04.02"]
[EventType "tourn"]
[EventRounds "11"]
[EventCountry "RUS"]
[SourceTitle "EXT 2012"]
[Source "ChessBase"]
[SourceDate "2011.11.24"]
[SourceVersion "1"]
[SourceVersionDate "2011.11.24"]
[SourceQuality "1"]

1. d4 Nf6 2. Nf3 g6 3. Bf4 Bg7 4. c3 0-0 5. Nbd2 d6 6. e4 h6 7. h3 Nc6 8. Bc4 Nh5 9. Be3 e5 10. dxe5 Nxe5 11. Nxe5 dxe5 12. Bc5 Re8 13. Qb3 Qf6 14. 0-0-0 c6 15. Nf3 b5 16. Bf1 Be6 17. Qa3 a5 18. b3 Red8 19. Rxd8+ Qxd8 20. Qb2 a4 21. g3 axb3 22. axb3 f5 23. Bg2 Qf6 24. Nd2 Ra6 25. Re1 Qd8 26. Kb1 Qd3+ 27. Kc1 Qd7 28. Rd1 Qf7 29. Re1 Nf6 30. f3 Nd7 31. Be3 c5 32. Kc2 f4 33. Bf2 b4 34. c4 fxg3 35. Bxg3 h5 36. Ra1 Rd6 37. Nf1 Kh7 38. Rd1 Rxd1 39. Kxd1 Qf6 40. Qd2 Nb6 41. Qd3 h4 42. Bf2 Nd7 43. Be3 Bxh3 44. Qd2 Bxg2 45. Qxg2 Qd6+ 46. Ke2 Bh6 47. Qh3 Qe7 48. Bxh6 Kxh6 49. Ne3 Kg7 50. Qg4 Kh6 51. Nd5 Qg5 52. Qxd7 Qg2+ 53. Ke3 Qg1+ 54. Ke2 Qg2+ 55. Ke3 h3 56. Qd8 Qg5+ 57. Qxg5+ Kxg5 58. Kf2 Kh4 59. Nf6 h2 60. Kg2 h1Q+ 61. Kxh1 Kg3 62. Nd7 Kxf3 63. Nxc5 g5 64. Kg1 g4 65. Nd3 Kxe4 66. Nxe5 Kxe5 67. Kg2 Kd4 68. Kg3 Kc3 69. c5 Kxb3 70. c6 Ka3 71. c7 b3 72. c8Q b2 73. Qa6+ Kb3 74. Qb5+ Kc2 75. Qc4+ 1-0

[Event "Ukhta"]
[Site "Ukhta"]
[Date "2009.04.04"]
[Round "4"]
[White "Smirnov, Igor A"]
[Black "Troshina, Lyudmila"]
[Result "0-1"]
[WhiteElo "2022"]
[BlackElo "1855"]
[PlyCount "62"]
[EventDate "2009.04.02"]
[EventType "tourn"]
[EventRounds "11"]
[EventCountry "RUS"]
[SourceTitle "EXT 2012"]
[Source "ChessBase"]
[SourceDate "2011.11.24"]
[SourceVersion "1"]
[SourceVersionDate "2011.11.24"]
[SourceQuality "1"]

1. e4 e5 2. Nf3 Nc6 3. Bb5 a6 4. Ba4 Nf6 5. 0-0 Be7 6. Re1 b5 7. Bb3 0-0 8. d3 d6 9. c3 Na5 10. Bc2 c5 11. Nbd2 g6 12. Nf1 Nh5 13. Bh6 Ng7 14. Ne3 Be6 15. Qd2 f6 16. Nd5 Bxd5 17. exd5 Rf7 18. b4 Nb7 19. a4 Nf5 20. Be3 Nxe3 21. fxe3 f5 22. Ra2 g5 23. Rea1 g4 24. Ne1 cxb4 25. cxb4 bxa4 26. Bxa4 Qb6 27. Nc2 Bg5 28. Kh1 f4 29. Qe2 h5 30. Re1 fxe3 31. Nxe3 Bxe3 0-1